00000000nam 2200000zi 4500
0019.943502
003CaOODSP
00520250110180405
006m     o  d f      
007cr cn|||||||||
008240923t20242024quc     ob   f000 0 eng d
020 |a9780660737720
040 |aCaOODSP|beng|erda|cCaOODSP
043 |an-cn---
0861 |aCH37-4/31-2024E-PDF
24500|aCanada's action plan on combatting hate.
264 1|a[Gatineau, Quebec] : |bCanadian Heritage = Patrimoine canadien, |c[2024]
264 4|c©2024
300 |a1 online resource (32 pages)
336 |atext|btxt|2rdacontent
337 |acomputer|bc|2rdamedia
338 |aonline resource|bcr|2rdacarrier
500 |aIssued also in French under title: Plan d'action canadien de lutte contre la haine.
504 |aIncludes bibliographical references.
650 0|aHate crimes|xGovernment policy|zCanada.
650 0|aHate crimes|zCanada|xPrevention.
7101 |aCanada. |bCanadian Heritage, |eissuing body.
77508|tPlan d’action canadien de lutte contre la haine.|w(CaOODSP)9.943503
85640|qPDF|s6.50 MB|uhttps://publications.gc.ca/collections/collection_2025/pch/CH37-4-31-2024-eng.pdf
85640|qHTML|sN/A|uhttps://www.canada.ca/en/canadian-heritage/services/combatting-hate/action-plan.html